[Event "GMA"]
[Site "Wijk aan Zee NED"]
[Date "2003.01.11"]
[Round "1"]
[White "Polgar, Judit"]
[Black "Topalov, Veselin"]
[Result "1/2-1/2"]
[WhiteElo "2700"]
[BlackElo "2743"]
[EventDate "2003.01.11"]

1.e4 c5 2.Cf3 Cc6 3.d4 cxd4 4.Cxd4 Cf6 5.Cc3 e5 6.Cdb5 d6 7.Fg5 a6 8.Ca3 
b5 9.Cd5 Fe7 10.Fxf6 Fxf6 11.c3 Fg5 12.Cc2 O-O 13.a4 bxa4 14.Txa4 a5 15.
Fc4 Tb8 16.b3 Rh8 17.O-O f5 18.exf5 Fxf5 19.De2 Fg6 20.Fd3 Fe8 21.Ta3 Ce7 
22.Fe4 Cxd5 23.Fxd5 Db6 24.b4 axb4 25.Cxb4 Dc5 26.Da2 Fb5 27.c4 Fxc4 28.
Fxc4 Txb4 29.Ta8 Tbb8 30.Txb8 Txb8 31.Fd5 g6 32.g3 Rg7 33.Rg2 Dd4 34.Fc6 
Dc5 35.Ff3 Te8 36.Tb1 e4 1/2-1/2

[Event "GMA"]
[Site "Wijk aan Zee NED"]
[Date "2003.01.12"]
[Round "2"]
[White "Topalov, Veselin"]
[Black "Anand, Viswanathan"]
[Result "0-1"]
[WhiteElo "2743"]
[BlackElo "2753"]
[EventDate "2003.01.11"]

1.e4 e5 2.Cf3 Cf6 3.Cxe5 d6 4.Cf3 Cxe4 5.d4 d5 6.Fd3 Cc6 7.O-O Fe7 8.c4 
Cf6 9.h3 Cb4 10.Fe2 dxc4 11.Fxc4 O-O 12.Cc3 c6 13.Te1 Cbd5 14.Db3 Cb6 15.
Fd3 Fe6 16.Dc2 h6 17.Txe6 fxe6 18.De2 Dd7 19.Fd2 Fd6 20.Ce4 Cbd5 21.Cxd6 
Dxd6 22.Te1 Tad8 23.a3 Tfe8 24.Fb1 c5 25.Ce5 cxd4 26.Dd3 Ce3 27.Cf3 Ced5 
28.Fxh6 Cf4 29.Fxf4 Dxf4 30.Fa2 Td6 31.h4 Dh6 32.Fc4 Dh7 33.Db3 d3 34.Td1 
d2 35.Db4 Ted8 36.Cg5 Dc2 37.Fb3 Dc6 38.g3 Db6 39.Cxe6 Dxb4 40.axb4 Tc8 
41.Rf1 Rh8 42.Cg5 Td4 43.Cf7+ Rh7 44.Cg5+ Rh6 45.Cf7+ Rg6 46.Ce5+ Rh7 47.
Cf3 Txb4 48.Cxd2 Td8 49.Fc2+ Rh8 50.b3 Tbd4 51.Re1 b5 52.Cb1 Te8+ 53.Rf1 
Txd1+ 54.Fxd1 Ce4 55.Fc2 a5 56.Ca3 Cd2+ 57.Rg2 Tb8 58.g4 b4 59.Cb1 Cxb1 
60.Fxb1 Tc8 61.Ff5 Tc3 0-1

[Event "GMA"]
[Site "Wijk aan Zee NED"]
[Date "2003.01.14"]
[Round "3"]
[White "Radjabov, Teimour"]
[Black "Topalov, Veselin"]
[Result "0-1"]
[WhiteElo "2624"]
[BlackElo "2743"]
[EventDate "2003.01.11"]

1.d4 Cf6 2.c4 e6 3.Cf3 d5 4.g3 Fb4+ 5.Fd2 Fe7 6.Fg2 O-O 7.O-O c6 8.Dc2 b6 
9.Ff4 Fa6 10.Cbd2 Cbd7 11.Tfd1 Tc8 12.Tac1 Ch5 13.e4 Cxf4 14.gxf4 Cf6 15.
Ce5 Ch5 16.Da4 Fxc4 17.Cxc6 b5 18.Da6 Txc6 19.Dxc6 Cxf4 20.Cxc4 bxc4 21.
exd5 exd5 22.Tc3 Fh4 23.Tg3 Te8 24.Tg4 Te6 25.Dc5 Cxg2 26.Txg2 a6 27.Da3 
g6 28.Dc3 De7 29.b3 Da3 30.Dc2 De7 31.Rf1 cxb3 32.Dxb3 Dd6 33.Dd3 Df4 34.
Dd2 Df5 35.Dd3 Te4 36.Db3 Rg7 37.Dd3 h5 38.Db3 Ff6 39.Tg3 Tf4 40.De3 h4 
41.Tg2 Tf3 42.De2 a5 43.Rg1 Tf4 44.Rh1 Te4 45.Df1 a4 46.Td2 Fxd4 47.Dd1 
Fe5 48.f3 Tb4 49.Td3 h3 50.Te2 d4 51.Tf2 Ff4 52.De2 Tb1+ 53.Td1 d3 54.Df1 
Txd1 55.Dxd1 d2 56.Te2 Dd3 57.Tf2 Fe3 58.Tf1 Fd4 59.a3 Rg8 60.f4 De4+ 61.
Tf3 Ff2 0-1

[Event "GMA"]
[Site "Wijk aan Zee NED"]
[Date "2003.01.15"]
[Round "4"]
[White "Bareev, Evgeny"]
[Black "Topalov, Veselin"]
[Result "1/2-1/2"]
[WhiteElo "2729"]
[BlackElo "2743"]
[EventDate "2003.01.11"]

1.d4 Cf6 2.c4 e6 3.Cc3 Fb4 4.Dc2 d5 5.cxd5 Dxd5 6.e3 c5 7.Fd2 Fxc3 8.bxc3 
b6 9.Cf3 Cbd7 10.c4 Dd6 11.Fe2 Fb7 12.Td1 Tc8 13.O-O Dc7 14.dxc5 Cxc5 15.
Cd4 O-O 16.f3 Tfd8 17.Fe1 De7 18.Fh4 Fc6 19.Cb5 h6 20.Txd8+ Txd8 21.e4 
Fxb5 22.cxb5 e5 23.Td1 Ce6 24.Txd8+ Dxd8 25.Dc1 Dd6 26.Ff2 Cd7 27.Fc4 Cd4 
28.h3 Cc5 29.Rh2 g5 30.Da3 Dd7 31.Fg3 De7 32.Db4 h5 33.Rh1 Df6 34.Da3 Rg7 
35.Dxa7 h4 36.Fxe5 Dxe5 37.Dxf7+ Rh6 38.Df8+ Dg7 39.Dd6+ Rh7 40.Dxb6 Cxf3 
41.gxf3 Da1+ 42.Rg2 Db2+ 43.Rf1 Dc1+ 44.Rf2 1/2-1/2

[Event "GMA"]
[Site "Wijk aan Zee NED"]
[Date "2003.01.16"]
[Round "5"]
[White "Topalov, Veselin"]
[Black "Van Wely, Loek"]
[Result "0-1"]
[WhiteElo "2743"]
[BlackElo "2668"]
[EventDate "2003.01.11"]

1.e4 c5 2.Cf3 Cc6 3.Cc3 e5 4.Fc4 Fe7 5.d3 d6 6.O-O Cf6 7.Cg5 O-O 8.f4 exf4
9.Fxf4 Ca5 10.Dd2 Cxc4 11.dxc4 Fg4 12.Cf3 Te8 13.Df2 Db6 14.b3 Fh5 15.Tae1
Dc6 16.h3 Tad8 17.Ch4 Fg6 18.Cxg6 fxg6 19.Df3 h6 20.Cd5 Rh7 21.Fd2 Dd7 22.
Cf4 g5 23.Ce2 Tf8 24.Dd3 g6 25.Cc3 De6 26.Cd5 Cd7 27.Cc7 Dg8 28.Fc3 Ff6 
29.Fxf6 Txf6 30.Dd5 b6 31.Db7 Dg7 32.Dxa7 Tdf8 33.Cb5 T8f7 34.Dc7 g4 35.
hxg4 Ce5 36.Dxb6 Cxg4 37.e5 Txf1+ 0-1

[Event "GMA"]
[Site "Wijk aan Zee NED"]
[Date "2003.01.18"]
[Round "6"]
[White "Timman, Jan H"]
[Black "Topalov, Veselin"]
[Result "0-1"]
[WhiteElo "2594"]
[BlackElo "2743"]
[EventDate "2003.01.11"]

1.e4 c5 2.Cf3 Cc6 3.Fb5 d6 4.d4 cxd4 5.Dxd4 Fd7 6.Fxc6 Fxc6 7.Cc3 Cf6 8.
Fg5 e6 9.O-O-O Fe7 10.The1 O-O 11.Rb1 h6 12.Fh4 Da5 13.Dd2 Dh5 14.h3 g5 
15.Fg3 e5 16.Dd3 Tad8 17.Cd2 d5 18.Fxe5 dxe4 19.De3 Cd5 20.Cxd5 Txd5 21.
Fd4 f5 22.f3 Tfd8 23.c3 Txd4 24.cxd4 f4 25.Db3+ Fd5 26.Dc2 e3 27.Ce4 Df7 
28.Cc3 Fe6 29.d5 Ff5 30.Ce4 Txd5 31.Txd5 Dxd5 32.Td1 De6 33.Ra1 h5 34.a3 
Rf7 35.Da4 Fxe4 36.fxe4 Ff6 37.Dc2 Dc6 38.Rb1 g4 39.hxg4 hxg4 40.Dd3 De6 
41.g3 f3 42.Dxe3 Fe5 43.Dg5 Fxg3 44.Dh5+ Rg7 45.Dg5+ Rf7 46.Dh5+ Rg7 47.
Ra1 f2 48.Dg5+ Rf7 49.Dh5+ Rg7 50.Th1 Fe5 51.Dh7+ Rf8 52.Dxb7 g3 53.Tc1 
Dc4 54.Da8+ Re7 55.Dxa7+ Fc7 0-1

[Event "GMA"]
[Site "Wijk aan Zee NED"]
[Date "2003.01.19"]
[Round "7"]
[White "Topalov, Veselin"]
[Black "Karpov, Anatoly"]
[Result "1/2-1/2"]
[WhiteElo "2743"]
[BlackElo "2688"]
[EventDate "2003.01.11"]

1.d4 Cf6 2.c4 e6 3.Cc3 Fb4 4.Cf3 c5 5.g3 O-O 6.Fg2 cxd4 7.Cxd4 d5 8.cxd5 
Cxd5 9.Db3 Db6 10.Fxd5 exd5 11.Fe3 Da5 12.Tc1 Cc6 13.a3 Fxc3+ 14.Dxc3 Da6 
15.Cxc6 Dxc6 16.Dxc6 bxc6 17.Rd2 Fd7 18.Tc3 Tfb8 19.b3 f6 20.Td1 Tb7 21.
Rc2 a6 22.Fc5 Te8 23.e3 Fg4 24.Td4 Te4 25.Td2 Rf7 26.Fd4 Te6 27.a4 Tb8 28.
Tc5 Re7 29.Ta5 Ta8 30.Rb2 Rd7 31.Ra3 Tee8 32.Tc5 Tab8 33.Tdc2 Tec8 34.Tc1 
h5 35.Ta5 Ta8 36.Tc2 Te8 37.h4 Ff3 38.Tac5 Tec8 39.Td2 Rd6 40.Rb4 Tcb8+ 
41.Rc3 Tc8 42.b4 Rd7 43.Ta5 Te8 44.Rb2 Rc7 45.Tc5 Rd7 46.Fc3 Rd6 47.Ta5 
Rc7 48.Rc1 Te4 49.Fd4 Tee8 50.Tc5 Rd7 51.Tdc2 Tec8 52.Rd2 Tab8 53.Fc3 Te8 
54.Re1 Ta8 55.Ta5 Rd6 56.Td2 Rc7 57.Td3 Te4 58.Fd4 Tee8 59.Rd2 Fg4 60.Tc5 
Rd7 61.Tdc3 Tec8 62.Ta5 Ff3 63.Fb6 Tcb8 64.Fc5 Te8 65.Td3 Rc7 66.Fd4 Rd7 
67.Fc3 Rc7 68.Fb2 Te4 69.Fd4 Tee8 1/2-1/2

[Event "GMA"]
[Site "Wijk aan Zee NED"]
[Date "2003.01.20"]
[Round "8"]
[White "Ivanchuk, Vassily"]
[Black "Topalov, Veselin"]
[Result "1/2-1/2"]
[WhiteElo "2699"]
[BlackElo "2743"]
[EventDate "2003.01.11"]

1.e4 c5 2.Cf3 Cc6 3.Fb5 d6 4.Fxc6+ bxc6 5.O-O Fg4 6.d3 Cf6 7.Fg5 Cd7 8.
Cbd2 f6 9.Fh4 e5 10.Cc4 Fe7 11.Ce3 Fe6 12.c3 Tb8 13.b3 d5 14.Cd2 g6 15.Fg3
d4 16.Cc2 g5 17.f3 Cf8 18.Fe1 Cg6 19.Cc4 Dd7 20.Cb2 O-O 21.Ca3 f5 22.Cac4 
g4 23.cxd4 cxd4 24.exf5 Txf5 25.Fg3 Tbf8 26.De2 gxf3 27.Txf3 Txf3 28.gxf3 
Fd5 29.Cd2 Df5 30.Cbc4 Fb4 31.Tf1 h5 32.h4 Rh7 33.Ce4 Fe7 34.Dh2 Cf4 35.
Fxf4 exf4 36.Tf2 a5 37.Rf1 a4 38.bxa4 Fxc4 39.dxc4 Da5 40.Tb2 Dxa4 41.De2 
Da3 42.Tb7 1/2-1/2

[Event "GMA"]
[Site "Wijk aan Zee NED"]
[Date "2003.01.21"]
[Round "9"]
[White "Topalov, Veselin"]
[Black "Ponomariov, Ruslan"]
[Result "1/2-1/2"]
[WhiteElo "2743"]
[BlackElo "2734"]
[EventDate "2003.01.11"]

1.e4 e5 2.Cf3 Cc6 3.Fb5 Cf6 4.O-O Cxe4 5.d4 Cd6 6.Fxc6 dxc6 7.dxe5 Cf5 8.
Dxd8+ Rxd8 9.Cc3 Fe7 10.Td1+ Re8 11.g3 h6 12.b3 Fe6 13.Fb2 Td8 14.h3 g5 
15.g4 Cg7 16.Ce4 Fd5 17.Cf6+ Fxf6 18.exf6 Ce6 19.Ce5 Cf4 20.Te1 Fe6 21.Fc1
Cd5 22.Cd3 b6 23.c4 Cxf6 24.Cb4 c5 25.Fb2 cxb4 26.Fxf6 Tf8 27.Fxd8 Rxd8 
28.c5 Rd7 29.Tac1 Rc6 30.Te5 b5 31.Td1 a5 32.Td4 Ta8 33.f4 gxf4 34.Txf4 a4
35.Txb4 axb3 36.axb3 Ta3 37.h4 Fxb3 38.h5 Fc4 39.Rf2 Ta1 40.Tb2 f6 41.Te7 
f5 42.Th7 fxg4 43.Txh6+ Rxc5 44.Tg6 Th1 45.Tg5+ Rb6 46.Rg3 c6 47.Txg4 Fd3 
48.Th2 Txh2 49.Rxh2 c5 50.Tg6+ Ra5 51.Tc6 c4 52.h6 Rb4 53.Rg3 Rc3 54.Rf4 
b4 55.Tc7 b3 56.h7 Fxh7 57.Txh7 Rc2 58.Re3 1/2-1/2

[Event "GMA"]
[Site "Wijk aan Zee NED"]
[Date "2003.01.23"]
[Round "10"]
[White "Kramnik, Vladimir"]
[Black "Topalov, Veselin"]
[Result "1-0"]
[WhiteElo "2807"]
[BlackElo "2743"]
[EventDate "2003.01.11"]

1.d4 Cf6 2.c4 c5 3.d5 b5 4.cxb5 a6 5.bxa6 g6 6.Cc3 Fxa6 7.g3 d6 8.Fg2 Cbd7
9.Cf3 Fg7 10.Tb1 O-O 11.O-O Da5 12.Fd2 Tfb8 13.Dc2 Ce8 14.Tfe1 Cc7 15.a4 
Db6 16.b3 Fxc3 17.Fxc3 Cxd5 18.Ce5 Cxe5 19.Fxd5 Fb7 20.Fxb7 Txb7 21.Fxe5 
dxe5 22.Tec1 f6 23.De4 Rg7 24.Tc3 Tab8 25.Dc2 De6 26.a5 Rf7 27.Ta1 Txb3 
28.Txb3 Dxb3 29.Dxc5 Db2 30.Dc4+ Rg7 31.Da2 Dxa2 32.Txa2 Ta8 33.a6 Ta7 34.
Rg2 Rf7 35.Rf3 Re6 36.g4 Rd6 37.h4 h6 38.g5 hxg5 39.hxg5 f5 40.e4 e6 41.
Ta5 Rc7 42.Re3 Rb8 43.Txe5 Txa6 44.Tc5 Rb7 45.Rf4 Rb6 46.Tc8 fxe4 47.Rxe4 
Rb7 48.Tg8 Rc6 49.Txg6 Rd6 50.f4 Ta4+ 51.Rf3 Re7 52.Tg7+ Rf8 53.Tb7 Tc4 
54.g6 Tc1 55.Rg4 Tc5 56.Tf7+ Re8 57.f5 1-0

[Event "GMA"]
[Site "Wijk aan Zee NED"]
[Date "2003.01.24"]
[Round "11"]
[White "Topalov, Veselin"]
[Black "Krasenkow, Michal"]
[Result "1-0"]
[WhiteElo "2743"]
[BlackElo "2633"]
[EventDate "2003.01.11"]

1.e4 e5 2.Cf3 Cc6 3.Fb5 Cf6 4.O-O Cxe4 5.d4 Cd6 6.Fxc6 dxc6 7.dxe5 Cf5 8.
Dxd8+ Rxd8 9.Cc3 Re8 10.h3 Fe7 11.Fg5 Fxg5 12.Cxg5 h6 13.Cf3 Fe6 14.Tad1 
Td8 15.b3 g5 16.Ce4 Fd5 17.Cf6+ Re7 18.Cd4 Cxd4 19.Txd4 Fe6 20.Ta4 a6 21.
f4 Td2 22.Tf2 Thd8 23.fxg5 hxg5 24.Ce4 Txf2 25.Rxf2 Ff5 26.Cxg5 Td2+ 27.
Rf3 Fxc2 28.g4 Td5 29.Rf4 c5 30.h4 Rf8 31.h5 Rg7 32.e6 f6 33.Ce4 Te5 34.g5
Txe6 35.Cxf6 b5 36.Ta5 Tc6 37.h6+ Rg6 38.Cd7 Td6 39.Cxc5 Td4+ 40.Re5 Td2 
41.Txa6+ Rxg5 42.Ce6+ Rxh6 43.Cxc7+ Rg7 44.Cxb5 Rf7 45.Cd4 Fd3 46.Ta7+ Re8
47.a4 Rd8 48.b4 Rc8 49.b5 Th2 50.Rd6 Th6+ 51.Rc5 Fe4 52.Te7 Fg2 53.a5 Fb7 
54.Ce6 Rb8 55.a6 Fc8 56.Cd4 Fxa6 57.Cc6+ Rc8 58.Rb6 1-0

[Event "GMA"]
[Site "Wijk aan Zee NED"]
[Date "2003.01.25"]
[Round "12"]
[White "Shirov, Alexei"]
[Black "Topalov, Veselin"]
[Result "1/2-1/2"]
[WhiteElo "2723"]
[BlackElo "2743"]
[EventDate "2003.01.11"]

1.e4 c6 2.d4 d5 3.e5 Ff5 4.Cc3 e6 5.g4 Fg6 6.Cge2 c5 7.Fe3 Cc6 8.dxc5 h5 
9.Cf4 d4 10.Cxg6 fxg6 11.Dd3 Rf7 12.O-O-O dxc3 13.Dxc3 Dc7 14.Fc4 Dxe5 15.
Fd4 Df4+ 16.Rb1 Te8 17.g5 Dxg5 18.Thg1 Dh4 19.Tge1 Cf6 20.Db3 Cd8 21.Fe5 
Rg8 22.Fg3 Dg5 23.Te5 Dh6 24.h4 Rh7 25.Tg5 e5 26.Fd3 Ce6 27.Txg6 Dxg6 28.
Fxg6+ Rxg6 29.Fxe5 Cxc5 30.Dg3+ Rf7 31.b4 Cce4 32.Db3+ Rg6 33.Fxf6 Cxf6 
34.Tg1+ Rh7 35.Dd3+ Rg8 36.Dc4+ Rh7 1/2-1/2

[Event "GMA"]
[Site "Wijk aan Zee NED"]
[Date "2003.01.26"]
[Round "13"]
[White "Topalov, Veselin"]
[Black "Grischuk, Alexander"]
[Result "1/2-1/2"]
[WhiteElo "2743"]
[BlackElo "2712"]
[EventDate "2003.01.11"]

1.e4 c5 2.Cf3 Cc6 3.d4 cxd4 4.Cxd4 Cf6 5.Cc3 e5 6.Cdb5 d6 7.Fg5 a6 8.Ca3 
b5 9.Fxf6 gxf6 10.Cd5 f5 11.c3 Fg7 12.exf5 Fxf5 13.Cc2 Fe6 14.a4 O-O 15.
axb5 axb5 16.Txa8 Dxa8 17.Cce3 Cd4 18.Cc7 Da2 19.Cxe6 Cxe6 20.Fd3 Dxb2 21.
O-O Cc5 22.Ff5 e4 23.Cd5 Te8 24.Dg4 Rf8 25.Fxh7 Te5 26.Dc8+ Te8 27.Dc6 Fe5
28.g3 Dd2 29.Ff5 Td8 30.Fg4 Fxc3 31.Td1 Dg5 32.Db6 Ff6 33.Fe2 Rg7 34.h4 
De5 35.Fxb5 Ce6 36.Fc4 Db2 37.Dxb2 Fxb2 38.Ce3 Fe5 39.Fd5 Cc5 40.Tb1 Rg6 
41.g4 Ff4 42.Rg2 Th8 43.Cf5 Rf6 44.Tb6 Tg8 45.f3 e3 46.Fc4 Td8 47.Rf1 Ce6 
48.Fxe6 fxe6 49.Tb4 d5 50.Re2 exf5 51.Txf4 d4 52.Txf5+ Rg7 53.Te5 d3+ 54.
Rd1 e2+ 55.Rd2 Rf6 56.Te4 Td6 57.f4 Rg6 58.h5+ Rh6 59.Te7 Td4 60.Te6+ Rh7 
61.g5 Txf4 62.Rxd3 Tf5 63.Th6+ Rg7 64.Tg6+ Rh7 65.Rxe2 Ta5 66.Rd3 1/2-1/2

[Event "Edda Rapid"]
[Site "Reykjavik ISL"]
[Date "2003.03.04"]
[Round "5"]
[White "Topalov, Veselin"]
[Black "De Firmian, Nick E"]
[Result "1/2-1/2"]
[WhiteElo "2743"]
[BlackElo "2537"]
[EventDate "2003.03.03"]

1.d4 Cf6 2.c4 e6 3.Cf3 b6 4.Cc3 h6 5.Fg5 Fb4 6.Fh4 Fxc3+ 7.bxc3 Fb7 8.Cd2 
d6 9.f3 Cc6 10.e4 De7 11.c5 bxc5 12.Tb1 g5 13.Ff2 Fa6 14.Fe2 Fc8 15.Fb5 
Fd7 16.Da4 Cd8 17.dxc5 O-O 18.cxd6 cxd6 19.O-O Fxb5 20.Txb5 Cc6 21.Tfb1 
Tfc8 22.Tb7 Dd8 23.Da3 Tc7 24.h4 Ce8 25.hxg5 hxg5 26.Txc7 Dxc7 27.c4 Tb8 
28.Tb5 f6 29.Db3 a6 30.Txb8 Cxb8 31.Fb6 Dc8 32.c5 Cc6 33.cxd6 Cxd6 34.Fc5 
Ce8 35.Cf1 Rf7 36.Fd4 Cb8 37.Db4 Cd7 38.a4 g4 39.Ce3 gxf3 40.gxf3 Cd6 41.
Cg4 Cb7 42.Rf2 Rg7 43.Rf1 Rf7 44.Rf2 Cbc5 45.Re3 Dc6 46.Rd2 Cxa4 47.Db3 
Rg7 48.Ff2 e5 49.Fe3 Cac5 50.Fh6+ 1/2-1/2

[Event "Edda Rapid"]
[Site "Reykjavik ISL"]
[Date "2003.03.04"]
[Round "7"]
[White "Bologan, Viktor"]
[Black "Topalov, Veselin"]
[Result "1-0"]
[WhiteElo "2630"]
[BlackElo "2743"]
[EventDate "2003.03.03"]

1.e4 c5 2.Cf3 Cc6 3.Fb5 d6 4.O-O Fd7 5.Te1 Cf6 6.c3 a6 7.Ff1 Fg4 8.d3 Cd7 
9.h3 Fxf3 10.Dxf3 g6 11.Cd2 Fg7 12.Dd1 b5 13.Cf3 O-O 14.d4 b4 15.Fg5 bxc3 
16.bxc3 Te8 17.Da4 Dc7 18.Tac1 e6 19.d5 exd5 20.exd5 Txe1 21.Txe1 Cce5 22.
Cxe5 Fxe5 23.Dc6 Dxc6 24.dxc6 Cf8 25.Fc4 h6 26.Fxh6 Tc8 27.f4 Ff6 28.Fd5 
Fxc3 29.Te2 Ce6 30.Txe6 fxe6 31.Fxe6+ Rh7 32.Fxc8 Rxh6 33.Fxa6 d5 34.h4 c4
35.g4 Rg7 36.Rf2 Rf6 37.Rf3 Fa5 38.Fb5 Re7 39.g5 Rd6 40.Fa4 d4 41.Re4 Fe1 
42.h5 1-0

[Event "Edda Rapid"]
[Site "Reykjavik ISL"]
[Date "2003.03.05"]
[Round "9"]
[White "Topalov, Veselin"]
[Black "Macieja, Bartlomiej"]
[Result "1/2-1/2"]
[WhiteElo "2743"]
[BlackElo "2629"]
[EventDate "2003.03.03"]

1.e4 e5 2.Cf3 Cf6 3.Cxe5 d6 4.Cf3 Cxe4 5.d4 d5 6.Fd3 Cc6 7.O-O Fe7 8.c4 
Cb4 9.Fe2 O-O 10.Cc3 Fe6 11.Fe3 Ff5 12.Db3 c6 13.c5 Cxc3 14.bxc3 Cc2 15.
Dxb7 Cxa1 16.Txa1 Dd7 17.Dxd7 Fxd7 18.Ce5 Tfd8 19.Cxd7 Txd7 20.Tb1 Fd8 21.
Fa6 Fc7 22.Rf1 Te7 23.Tb7 Tb8 24.Txa7 Fd8 25.Txe7 Fxe7 26.a4 Rf8 27.Ff4 
Tb1+ 28.Re2 Re8 29.Fe3 Ta1 30.c4 dxc4 31.Fxc4 Txa4 32.Rd3 Ta3+ 33.Rc2 h6 
34.Rb2 Ta5 35.Rb3 1/2-1/2

[Event "Edda Rapid"]
[Site "Reykjavik ISL"]
[Date "2003.03.04"]
[Round "4"]
[White "Olafsson, Helgi"]
[Black "Topalov, Veselin"]
[Result "1-0"]
[WhiteElo "2475"]
[BlackElo "2743"]
[EventDate "2003.03.03"]

1.e4 c5 2.c3 d5 3.exd5 Dxd5 4.d4 Cf6 5.Cf3 Fg4 6.dxc5 Dxc5 7.Ca3 a6 8.Fe3 
Dc7 9.Da4+ Fd7 10.Cb5 Dc8 11.Ce5 Cd5 12.O-O-O Cxe3 13.fxe3 Cc6 14.Cxd7 
axb5 15.Db3 Dc7 16.Fxb5 e6 17.Td3 Fd6 18.Thd1 Fxh2 19.a4 h5 20.Rb1 h4 21.
Dc4 O-O-O 22.Dc5 g6 23.Fxc6 Dxc6 24.Cb6+ Rc7 25.De7+ Rxb6 26.Txd8 De4+ 27.
T1d3 Fe5 28.Rc1 h3 29.a5+ Rb5 30.Dd7+ Rxa5 31.Txh8 hxg2 32.Ta8+ Rb6 33.
Dd8+ Fc7 34.Td6+ Rb5 35.Dd7+ Dc6 36.Txc6 g1=D+ 37.Rc2 Dg2+ 38.Rb3 Dxc6 39.
c4+ Rb6 40.Dxf7 Dd6 41.Dxg6 De5 42.Dd3 Rc6 43.Te8 Fd6 44.Dd4 Df5 45.Td8 
Fc5 46.Dd7+ Rb6 47.Db5+ 1-0

[Event "Amber Blindfold"]
[Site "Monaco MNC"]
[Date "2003.03.15"]
[Round "1"]
[White "Topalov, Veselin"]
[Black "Shirov, Alexei"]
[Result "1-0"]
[WhiteElo "2743"]
[BlackElo "2723"]
[EventDate "2003.03.15"]

1.e4 c5 2.Cf3 Cc6 3.d4 cxd4 4.Cxd4 e5 5.Cb5 d6 6.c4 Fe7 7.C1c3 a6 8.Ca3 f5
9.exf5 Fxf5 10.Cc2 Cf6 11.Ce3 Fe6 12.g3 Dd7 13.Fg2 Fd8 14.O-O Fb6 15.Ced5 
Fd4 16.Fe3 Fxc3 17.Cb6 Dd8 18.bxc3 Tb8 19.Tb1 O-O 20.Cd5 Rh8 21.Tb2 Cd7 
22.Fe4 Ca5 23.Dh5 Fg8 24.Fg5 De8 25.Dh4 Cc5 26.Fb1 e4 27.Cf6 Txf6 28.Fxf6 
Fxc4 29.Te1 gxf6 30.Dxf6+ Rg8 31.Dxd6 Df8 32.Dc7 Cc6 33.Fxe4 Cxe4 34.Txe4 
Df3 35.Txc4 Dd1+ 36.Rg2 Dd5+ 37.Rg1 Dxc4 38.Txb7 Txb7 39.Dxb7 Dxc3 40.Dxa6
Cd4 41.Da8+ Rf7 42.Dd5+ Rf6 43.Rg2 Rg7 44.a4 Cc6 45.h4 Ca5 46.g4 Cc6 47.h5
Ce7 48.De6 Rf8 49.De4 h6 50.Df3+ Dxf3+ 51.Rxf3 Cc6 52.Re4 Re7 53.Rd5 Cb4+ 
54.Rc4 Cc6 55.Rb5 Ce5 56.a5 Rd7 57.g5 hxg5 58.h6 Rc7 59.h7 Cg6 60.Rc5 Rb7 
61.Rd5 Ra6 62.Re4 Rxa5 63.Rf5 1-0

[Event "Amber Blindfold"]
[Site "Monaco MNC"]
[Date "2003.03.16"]
[Round "2"]
[White "Kramnik, Vladimir"]
[Black "Topalov, Veselin"]
[Result "1-0"]
[WhiteElo "2807"]
[BlackElo "2743"]
[EventDate "2003.03.15"]

1.e4 c5 2.Cf3 e6 3.d4 cxd4 4.Cxd4 Cc6 5.Cc3 d6 6.Fe3 Cf6 7.f4 a6 8.Df3 Dc7
9.O-O-O Fd7 10.Cb3 Tc8 11.Rb1 b5 12.Fd3 Cb4 13.g4 Fc6 14.g5 Cd7 15.Df2 g6 
16.Thf1 Fg7 17.f5 Ce5 18.Fb6 Dd7 19.Fe2 Db7 20.Ca5 Db8 21.f6 Ff8 22.a3 
Cxc2 23.Rxc2 Fxe4+ 24.Rb3 Fa8 25.Fa7 Dc7 26.Db6 Dxb6 27.Fxb6 h6 28.Cxb5 
Rd7 29.Fd4 Fd5+ 30.Ra4 axb5+ 31.Fxb5+ Fc6 32.Fxe5 Fxb5+ 33.Rxb5 Tc5+ 34.
Rb6 Txe5 35.Tc1 Txa5 36.Tc7+ Rd8 37.Tfc1 Tc5 38.T1xc5 dxc5 39.Rc6 1-0

[Event "Amber Blindfold"]
[Site "Monaco MNC"]
[Date "2003.03.17"]
[Round "3"]
[White "Topalov, Veselin"]
[Black "Bareev, Evgeny"]
[Result "1-0"]
[WhiteElo "2743"]
[BlackElo "2729"]
[EventDate "2003.03.15"]

1.e4 e6 2.d4 d5 3.Cc3 Cf6 4.Fg5 dxe4 5.Cxe4 Fe7 6.Fxf6 Fxf6 7.Cf3 Cd7 8.
Dd2 O-O 9.O-O-O Fe7 10.Fd3 c5 11.Cxc5 Cxc5 12.dxc5 Dd5 13.Rb1 Dxc5 14.h4 
b6 15.Cg5 h6 16.Fh7+ Rh8 17.Fe4 Tb8 18.Df4 Fb7 19.Fxb7 Txb7 20.De4 Fxg5 
21.Dxb7 Ff6 22.Df3 Tc8 23.c3 b5 24.Tc1 a5 25.g4 Rg8 26.De4 Dc4 27.Tce1 a4 
28.Dxc4 Txc4 29.g5 hxg5 30.hxg5 Fxg5 31.Te5 Fh4 32.Txb5 g5 33.f3 Tf4 34.
Th3 f5 35.Rc2 Rf7 36.Rd3 Rf6 37.Tb4 Re5 38.a3 Ff2 39.Re2 Fc5 40.Txf4 Rxf4 
41.Th6 e5 42.Tc6 Fg1 43.Tc4+ Rg3 44.Txa4 Rg2 45.Ta8 g4 46.fxg4 f4 47.Tf8 
Fh2 48.g5 1-0

[Event "Amber Rapid"]
[Site "Monaco MNC"]
[Date "2003.03.15"]
[Round "1"]
[White "Shirov, Alexei"]
[Black "Topalov, Veselin"]
[Result "1/2-1/2"]
[WhiteElo "2723"]
[BlackElo "2743"]
[EventDate "2003.03.15"]

1.e4 c6 2.d4 d5 3.Cc3 dxe4 4.Cxe4 Cd7 5.Cg5 Cgf6 6.Fd3 e6 7.C1f3 Fd6 8.De2
h6 9.Ce4 Cxe4 10.Dxe4 Dc7 11.Dg4 Rf8 12.O-O c5 13.b3 e5 14.c3 b6 15.Te1 
Fb7 16.Dh3 Td8 17.Fb2 g6 18.dxe5 Cxe5 19.c4 Fxf3 20.gxf3 Th7 21.Fe4 f5 22.
Fd5 Cd3 23.Dh4 g5 24.Dh3 Fxh2+ 25.Dxh2 Dxh2+ 26.Rxh2 Cxb2 27.Te5 Cd3 28.
Txf5+ Re7 29.Rg3 Cf4 30.Rg4 Td7 31.Te1+ Rd8 32.Tf8+ Rc7 33.Fe4 h5+ 34.Rf5 
Thg7 35.Tf6 Cg2 36.Tc6+ Rd8 37.Th1 h4 38.Th6 Cf4 39.Te1 Tdf7+ 40.Rg4 Rc7 
41.Ff5 Tf8 42.Te5 Td8 43.Fe4 Td1 44.Te8 Td8 45.Te5 Td6 46.Th8 Td8 47.Th6 
Td6 1/2-1/2

[Event "Amber Rapid"]
[Site "Monaco MNC"]
[Date "2003.03.16"]
[Round "2"]
[White "Topalov, Veselin"]
[Black "Kramnik, Vladimir"]
[Result "1/2-1/2"]
[WhiteElo "2743"]
[BlackElo "2807"]
[EventDate "2003.03.15"]

1.d4 Cf6 2.c4 e6 3.Cc3 Fb4 4.Cf3 c5 5.g3 Fxc3+ 6.bxc3 Da5 7.Fd2 b6 8.Fg2 
Fb7 9.O-O O-O 10.Db3 Da6 11.Fg5 Ce4 12.d5 d6 13.Tad1 Te8 14.Ff4 Cd7 15.
dxe6 Txe6 16.Fh3 Te7 17.Ch4 Fc6 18.Cf5 Tee8 19.f3 Cef6 20.Cxd6 Txe2 21.Tf2
Txf2 22.Rxf2 Cf8 23.Fg5 Ce8 24.Cf5 Cg6 25.Te1 h6 26.Fc1 Td8 27.Ff1 Db7 28.
Td1 Td7 29.Fe2 Ce5 30.Dc2 Cf6 31.Ff4 Cg6 32.Fc1 Ce5 33.Txd7 Dxd7 34.Ff4 
De6 35.g4 Cxc4 36.Dd1 Fd5 37.Da4 g6 38.Cxh6+ Rg7 39.Dxa7 Ce4+ 40.fxe4 Dxe4
41.Dc7 Dg2+ 42.Re1 Dh1+ 43.Rf2 Dg2+ 44.Re1 Dh1+ 45.Rf2 1/2-1/2

[Event "Amber Rapid"]
[Site "Monaco MNC"]
[Date "2003.03.17"]
[Round "3"]
[White "Bareev, Evgeny"]
[Black "Topalov, Veselin"]
[Result "1-0"]
[WhiteElo "2729"]
[BlackElo "2743"]
[EventDate "2003.03.15"]

1.d4 d5 2.c4 c6 3.Cf3 Cf6 4.e3 a6 5.Dc2 Fg4 6.Cbd2 e6 7.Fd3 Cbd7 8.b3 c5 
9.h3 Fh5 10.g4 Fg6 11.Fxg6 hxg6 12.g5 Ch5 13.dxc5 Fxc5 14.cxd5 exd5 15.Dd3
d4 16.De4+ Rf8 17.exd4 Dc7 18.Dc2 Te8+ 19.Rd1 Fd6 20.Dxc7 Fxc7 21.Fa3+ Rg8
22.Tc1 Fb8 23.Te1 Txe1+ 24.Cxe1 Cf4 25.Tc8+ Rh7 26.Txh8+ Rxh8 27.h4 Fa7 
28.Cdf3 f6 29.Rd2 Rg8 30.Fd6 Cd5 31.Cd3 Rf7 32.Cc5 Fxc5 33.dxc5 Cb4 34.a3 
Cc6 35.Rd3 Re6 36.Cd4+ Rd5 37.Cxc6 Rxc6 38.Rc4 a5 39.f4 fxg5 40.hxg5 1-0

[Event "Amber Blindfold"]
[Site "Monaco MNC"]
[Date "2003.03.18"]
[Round "4"]
[White "Almasi, Zoltan"]
[Black "Topalov, Veselin"]
[Result "1-0"]
[WhiteElo "2676"]
[BlackElo "2743"]
[EventDate "2003.03.15"]

1.e4 c5 2.Cf3 e6 3.d4 cxd4 4.Cxd4 Cc6 5.Cc3 Dc7 6.Fe2 a6 7.O-O Cf6 8.Fe3 
Fe7 9.f4 d6 10.Rh1 O-O 11.a4 Te8 12.Ff3 Fd7 13.Cb3 b6 14.g4 Fc8 15.g5 Cd7 
16.Fg2 Ff8 17.Dh5 g6 18.Dh4 Cb4 19.Tac1 Fg7 20.Tf3 Fb7 21.Th3 Cf8 22.Df2 
Cd7 23.Dh4 Cf8 24.Df2 Cd7 25.Tf1 Tac8 26.Fd4 Fxd4 27.Cxd4 Dc5 28.f5 exf5 
29.exf5 Fxg2+ 30.Rxg2 Cf8 31.fxg6 fxg6 32.Df7+ Rh8 33.Df6+ Rg8 34.Df7+ Rh8
35.Cf5 De5 36.Te3 Dxf5 37.Txf5 Txe3 38.Df6+ Rg8 39.Df7+ Rh8 40.Tf2 Te5 41.
h4 Cc6 42.Df6+ Rg8 43.Dxd6 1-0

[Event "Amber Blindfold"]
[Site "Monaco MNC"]
[Date "2003.03.20"]
[Round "5"]
[White "Topalov, Veselin"]
[Black "Leko, Peter"]
[Result "1/2-1/2"]
[WhiteElo "2743"]
[BlackElo "2736"]
[EventDate "2003.03.15"]

1.e4 c5 2.Cf3 Cc6 3.d4 cxd4 4.Cxd4 Cf6 5.Cc3 e5 6.Cdb5 d6 7.Fg5 a6 8.Ca3 
b5 9.Fxf6 gxf6 10.Cd5 f5 11.c3 Fg7 12.exf5 Fxf5 13.Cc2 O-O 14.Cce3 Fe6 15.
Fd3 f5 16.O-O Rh8 17.Dh5 Ff7 18.Dh3 e4 19.Fc2 Ce5 20.Tfd1 Fxd5 21.Txd5 Df6
22.Tad1 Tad8 23.f4 exf3 24.Cxf5 fxg2 25.Dxg2 Tg8 26.Rh1 Ff8 27.Dh3 Cg6 28.
Cd4 Te8 29.Th5 Tg7 30.Tg1 Df7 31.Df5 Db7+ 32.Df3 Dxf3+ 33.Cxf3 Te6 34.Cd4 
Tf6 35.Cf5 Tc7 36.Ce3 Cf4 37.Th4 Tcf7 38.Fb3 Tg7 39.Thg4 Txg4 1/2-1/2

[Event "Amber Blindfold"]
[Site "Monaco MNC"]
[Date "2003.03.21"]
[Round "6"]
[White "Topalov, Veselin"]
[Black "Van Wely, Loek"]
[Result "1-0"]
[WhiteElo "2743"]
[BlackElo "2668"]
[EventDate "2003.03.15"]

1.Cf3 c5 2.c4 Cf6 3.g3 d5 4.d4 dxc4 5.Da4+ Fd7 6.Dxc4 cxd4 7.Fg2 Cc6 8.
Cxd4 Tc8 9.Cc3 e6 10.O-O Cxd4 11.Dxd4 Fc5 12.Dh4 Fc6 13.Td1 Db6 14.Fxc6+ 
Txc6 15.Fh6 Ff8 16.Td3 e5 17.Fe3 Da5 18.Fg5 Fe7 19.Tad1 O-O 20.Fxf6 Fxf6 
21.De4 Tb6 22.b3 Tb4 23.Df5 Da6 24.Cd5 Td4 25.Txd4 exd4 26.Cxf6+ Dxf6 27.
Dxf6 gxf6 28.Txd4 Tc8 29.Tc4 Td8 30.e3 Td2 31.a4 Ta2 32.Tc7 b6 33.Txa7 Tb2
34.Ta6 Txb3 35.a5 bxa5 36.Txf6 a4 37.Ta6 Ta3 38.Rg2 Ta1 39.g4 a3 40.h4 a2 
41.h5 h6 42.Rf3 1-0